|
|
|
|
| LEADER |
00000nam0a2200000 4500 |
| 001 |
260759 |
| 005 |
20231101233515.0 |
| 010 |
|
|
|a 5020137499
|
| 035 |
|
|
|a (RuTPU)RU\TPU\book\283729
|
| 090 |
|
|
|a 260759
|
| 100 |
|
|
|a 20140519d1988 m y0rusy50 ca
|
| 101 |
0 |
|
|a rus
|
| 102 |
|
|
|a RU
|
| 105 |
|
|
|a y z 001zy
|
| 200 |
1 |
|
|a Спектральная теория случайных матриц
|f В. Л. Гирко
|
| 210 |
|
|
|a Москва
|c Наука
|d 1988
|
| 215 |
|
|
|a 376 с.
|
| 225 |
1 |
|
|a Теория вероятностей и математическая статистика
|h Вып. 40
|
| 320 |
|
|
|a Библиогр.: с. 371-375.
|
| 606 |
1 |
|
|a Матрицы случайные
|x Спектральная теория
|2 stltpush
|3 (RuTPU)RU\TPU\subj\41384
|9 61177
|
| 610 |
1 |
|
|a математика
|
| 610 |
1 |
|
|a спектральная теория
|
| 610 |
1 |
|
|a собственные числа
|
| 610 |
1 |
|
|a собственные векторы
|
| 610 |
1 |
|
|a распределения
|
| 610 |
1 |
|
|a матричные случайные процесы
|
| 610 |
1 |
|
|a самосопряженные случайные процесы
|
| 610 |
1 |
|
|a спектральные функции
|
| 610 |
1 |
|
|a предельные теоремы
|
| 675 |
|
|
|a 519.216
|v 3
|
| 700 |
|
1 |
|a Гирко
|b В. Л.
|g Вячеслав Леонидович
|
| 801 |
|
1 |
|a RU
|b 63413507
|c 20140519
|
| 801 |
|
2 |
|a RU
|b 63413507
|c 20150320
|g RCR
|
| 942 |
|
|
|c BK
|